Spain Logo Quiz! #2 - Statistics

General Stats
  • This quiz has been taken 41 times
  • The average score is 5 of 16
Answer Stats
Picture Answer % Correct
Desigual
87%
Filmax
47%
La Caixa
47%
Air Europa
40%
Eroski
37%
Massimo
37%
Pacha
37%
Vueling
37%
Endesa
30%
Manolo Blahnik
30%
Tuenti
27%
Paco Rabanne
20%
Pull & Bear
20%
Munich
17%
Orbea
17%
Accoina
10%
No matching quizzes found
Score Distribution
Percent of People with Each Score
Percentile by Number Answered
Your Score History
You have not taken this quiz